|
|
|
|
| LEADER |
01293nam a2200361Ia 4500 |
| 001 |
EBC690044 |
| 003 |
MiAaPQ |
| 005 |
20200520144314.0 |
| 006 |
m o d | |
| 007 |
cr cn||||||||| |
| 008 |
080801s2008 enka sb 001 0 eng d |
| 020 |
|
|
|z 9781855753488
|
| 020 |
|
|
|z 1855753480
|
| 035 |
|
|
|a (MiAaPQ)EBC690044
|
| 035 |
|
|
|a (Au-PeEL)EBL690044
|
| 035 |
|
|
|a (CaPaEBR)ebr10463959
|
| 035 |
|
|
|a (CaONFJC)MIL307054
|
| 035 |
|
|
|a (OCoLC)723944339
|
| 040 |
|
|
|a MiAaPQ
|c MiAaPQ
|d MiAaPQ
|
| 050 |
|
4 |
|a HD31
|b .K512 2008
|
| 100 |
1 |
|
|a Klein, Lisl.
|
| 245 |
1 |
4 |
|a The meaning of work
|h [electronic resource] :
|b papers on work organization and the design of jobs /
|c Lisl Klein.
|
| 260 |
|
|
|a London :
|b Karnac,
|c 2008.
|
| 300 |
|
|
|a xix, 315 p. :
|b ill.
|
| 504 |
|
|
|a Includes bibliographical references (p. 303-309) and index.
|
| 533 |
|
|
|a Electronic reproduction. Ann Arbor, MI : ProQuest, 2015. Available via World Wide Web. Access may be limited to ProQuest affiliated libraries.
|
| 650 |
|
0 |
|a Work.
|
| 650 |
|
0 |
|a Facility management.
|
| 650 |
|
0 |
|a Industrial organization.
|
| 650 |
|
0 |
|a Work environment
|x Design.
|
| 655 |
|
4 |
|a Electronic books.
|
| 710 |
2 |
|
|a ProQuest (Firm)
|
| 856 |
4 |
0 |
|u https://ebookcentral.proquest.com/lib/matrademy/detail.action?docID=690044
|z Click to View
|